000 00505nam a22001817a 4500
005 20230110105606.0
008 221216b |||||||| |||| 00| 0 eng d
020 _a81-239-0513-0
041 _aeng
082 _a615.19 BEC-P
100 _aBECKETT ,A H., AND STENLAKE , J.B .
_96989
245 _aPRACTICLE PHARMACEUTICAL CHEMISTRY - PART ONE
250 _a4th ed.
260 _aMUMBAI
_bCSB PUBLISHERS & DISTRIBUTORS
_c2005
300 _a326;P.
650 _aPHARMACY
_xD.PHARMA
_97090
942 _cBK
999 _c8060
_d8058